| 000 | 00726nam a22002177a 4500 | ||
|---|---|---|---|
| 005 | 20150709153104.0 | ||
| 008 | 140714b xxu||||| |||| 00| 0 Urdu d | ||
| 010 | _aUR-9189 | ||
| 020 | q | _c150.00 | |
| 035 | _aU-7744 | ||
| 037 | _bDBAD/Pub. | ||
| 040 |
_aDPL _bUrdu |
||
| 082 | _a841 | ||
| 100 | _aا نعا م ا لحق حير ت مر ادا با د ی | ||
| 245 |
_aمعر ا ج عقيد ت _cا نعا م ا لحق حير ت مر ادا با د ی |
||
| 246 |
_aMeraj-e-Aqeedat _bBy Hyrat Muradabadi |
||
| 260 |
_aMuradabad _bHyrat Muradabadi _c2014 |
||
| 270 |
_aMaqbara 2nd Police chowki ke Pichheh _bMuradabad _e - _k499316 |
||
| 300 |
_a208ص _c22Cm (Hb) |
||
| 942 |
_2ddc _cUR _e _h841 _mح ے ر |
||
| 999 |
_c94781 _d94781 |
||